00736nam a22001817a 4500008004100000020001500041040001500056050002500071100002100096245022800117260006700345300001500412650002700427650003000454650002300484700002500507700002200532180621b xxu||||| |||| 00| 0 eng d a0914168088 aKABUcKABU aQM25b.N48 v. 6 c. 1 aNetter, Frank H. aThe CIBA collection of medical illustrationsba compilation of paintings depicting anatomy and embryology, physiology, pathology, pathophysiology, and clinical features and treatment of diseasescprepared by Frank H. Netter aNew JerseybThe CIBA collection of medical illustrationsc1979 axv, 295 p. aHuman anatomyvAtlases aHuman physiologyvAtlases aPathologyvAtlases aYonkman, Fredrick F. aBecker, E. Lovell